000 00487nam a22001697a 4500
003 PILC
005 20150112093425.0
008 130215t xxu||||| |||| 00| 0 eng d
020 _a0582312957
050 _aHF 5686.H75
_b.Ow97 1998
082 _aASF 657.1837
_bOw2 1998
245 _aAccounting for hospitality, tourism and leisure
_cGareth Owen
260 _aLondon
_bPitman
_c1998.
300 _a460 pages :
_c25 cm.
_billustration ;
500 _aIncludes index.
942 _2lcc
_cBK
999 _c14184
_d14184